Cultivating a healthy enterprise: (Record no. 3313)

MARC details
000 -LEADER
fixed length control field 00762nam a22002417a 4500
003 - CONTROL NUMBER IDENTIFIER
control field LK-CoMWRAF
005 - DATE AND TIME OF LATEST TRANSACTION
control field 20231207111454.0
008 - FIXED-LENGTH DATA ELEMENTS--GENERAL INFORMATION
fixed length control field 230830b2003 |||||||| |||| 00| 0 eng d
020 ## - INTERNATIONAL STANDARD BOOK NUMBER
International Standard Book Number 9068328395
022 ## - INTERNATIONAL STANDARD SERIAL NUMBER
International Standard Serial Number 09227911
040 ## - CATALOGING SOURCE
Original cataloging agency LK-CoMWRAF
Modifying agency LK-CoMWRAF
Description conventions LK-CoMWRAF
041 ## - LANGUAGE CODE
Language code of text/sound track or separate title English
082 ## - DEWEY DECIMAL CLASSIFICATION NUMBER
Classification number 615.321 BEL
942 ## - ADDED ENTRY ELEMENTS (KOHA)
Koha item type Books
100 ## - MAIN ENTRY--PERSONAL NAME
Personal name Belt. John
700 ## - ADDED ENTRY--PERSONAL NAME
Personal name Lengkek, Ard
700 ## - ADDED ENTRY--PERSONAL NAME
Personal name van der Zant, Jeroen
245 ## - TITLE STATEMENT
Title Cultivating a healthy enterprise:
Remainder of title developing a sustainable medicinal plant chain in Uttaranchal-India
260 ## - PUBLICATION, DISTRIBUTION, ETC. (IMPRINT)
Place of publication, distribution, etc. Amsterdam:
Name of publisher, distributor, etc. KIT
Date of publication, distribution, etc. 2003
300 ## - PHYSICAL DESCRIPTION
Extent 56 p. : ill. (chiefly col.), 1 map, col. ports. ; 25 cm.
Other physical details Bibliography included
490 ## - SERIES STATEMENT
Series statement Bulletin
Volume/sequential designation 350
650 ## - SUBJECT ADDED ENTRY--TOPICAL TERM
Topical term or geographic name as entry element Medicinal plants -- India -- Uttaranchal
Holdings
Withdrawn status Lost status Damaged status Not for loan Permanent Location Current Location Date acquired Full call number Barcode Koha item type
        Resource center, Muslim Women's Research And Action Forum Resource center, Muslim Women's Research And Action Forum 2023-08-30 615.321 BEL RAF418 Books

Copyright © 2023 Muslim Women's Research and Action Forum (MWRAF), No 27/3, Anderson Road, Kalubowila, Dehiwela. Funded by The Asia Fundation